|
|
|
|
| LEADER |
01163cam a2200361 a 4500 |
| 001 |
000043898 |
| 003 |
2019 |
| 005 |
20060419141657.0 |
| 008 |
010217b2002 vm 000 vie |
| 020 |
|
|
|c 95000
|
| 040 |
|
|
|a LRC
|c LRC
|d LRC
|
| 041 |
0 |
|
|a vie
|
| 082 |
1 |
4 |
|a 390.03
|b VU-K
|
| 100 |
1 |
|
|a Vũ Ngọc Khánh.
|
| 245 |
1 |
0 |
|a Từ điển văn hoá dân gian /
|c Vũ Ngọc Khánh, Phạm Minh Thảo, Nguyễn Vũ.
|
| 260 |
|
|
|a Hà Nội :
|b Văn hoá thông tin,
|c 2002.
|
| 300 |
|
|
|a 720 tr. ;
|c 20,5 cm.
|
| 630 |
0 |
4 |
|a Văn hoá dân gian.
|
| 650 |
0 |
4 |
|a Văn hoá dân gian
|v Từ điển.
|
| 700 |
1 |
|
|a Phạm Minh Thảo.
|
| 700 |
1 |
|
|a Nguyễn Vũ.
|
| OWN |
|
|
|a DUT
|
| AVA |
|
|
|a UDN50
|b DUT
|c Book
|d 390.03 VU-K
|e available
|t Error 5001 Not defined in file expand_doc_bib_avail.
|f 3
|g 0
|h N
|i 0
|j SH
|k 1
|
| 999 |
|
|
|a From the UDN01
|
| AVA |
|
|
|a UDN50
|b DUT
|c Book
|d 390.03 VU-K
|e available
|t Error 5001 Not defined in file expand_doc_bib_avail.
|f 3
|g 0
|h N
|i 0
|j SH
|k 1
|
| TYP |
|
|
|a Monograph
|
| TYP |
|
|
|a Printed language
|
| 980 |
|
|
|a Mạng thư viện Đại học Đà Nẵng
|